Geometry Dash Gaunlet Levels - Statistics

General Stats
  • This quiz has been taken 15 times
    7 since last reset
  • The average score is 34 of 195
Answer Stats
Stars Gaunlet Answer % Correct
6 Fire First Race
100%
6 Fire Magmatic Sanctuary
75%
5 Fire Outerspace
75%
4 Poison Acid Factory
50%
5 Ice Amplification
50%
4 Cyborg Assembly Line
50%
3 Bonus Chambers
50%
7 Chaos Dark Drop
50%
10 Doom Darkness Keeper
50%
6 Chaos Drippy Dub
50%
8 Death Ghoul
50%
6 Chaos Kappaclysm
50%
10 NCS II Magistro
50%
10 NCS I Next Cab Soon
50%
6 World Nivel
50%
10 Doom Nowise
50%
8 Monster OMG Aliens
50%
6 Fire Shock
50%
10 Demon Sidestep
50%
7 Monster Slam
50%
10 Death The Behemoth
50%
10 Galaxy Xanadu
50%
3 Space Abducted
25%
10 Inferno Ablaze
25%
10 Death Adust
25%
3 Discord Afterlife
25%
8 Space Alien Dream Emulater
25%
5 Chaos Anubis
25%
9 Cosmos Aperture
25%
6 Magic Aquarius
25%
10 Forest Astralith
25%
5 Bonus Battletown
25%
5 Poison Beast Mode Full
25%
8 NCS I Ber Zer Ker
25%
5 Portal Between Worlds
25%
8 NCS I Bussin
25%
10 Water Calypso Blitz
25%
10 Castle CastleMania
25%
10 Split Change Of Scene
25%
6 Halloween ClownParty
25%
5 Bonus Crazy Ball
25%
10 Castle Crush
25%
7 Crystal Crystal Essence
25%
5 Crystal Crystal Fusion
25%
10 Cursed Death Moon
25%
10 Cursed Deathstep III
25%
6 Spike Desert Bounce
25%
5 Discord Double Dimension
25%
10 World Down Unda
25%
7 Magic Empyrean
25%
10 Galaxy Fizzy Fossils
25%
6 Lava Frontline Full
25%
6 Poison Generation Retro
25%
6 Ice GeoBound
25%
10 Castle Glorious Fortress
25%
8 World Great White North
25%
10 Demon Hell
25%
9 Monster HellGate Menace
25%
8 Forest Honeydew
25%
5 Lava Ichor
25%
3 Lava Infernal Arena
25%
10 Inferno Inferno
25%
10 NCS II I See Stars
25%
10 Cursed ISpyWithMyLittleEye
25%
8 Space Jova
25%
7 Magic Kalaxian
25%
9 Cosmos Kisaragi
25%
10 Galaxy Koenigstein
25%
5 Crystal Lustre
25%
10 Universe Lutetia
25%
10 Demon Mechanical Showdown
25%
9 Monster Mechanism
25%
5 Time Mind Control
25%
8 Monster Monster Mischief
25%
10 NCS II Neozenith
25%
10 Haunted Not a Phobia
25%
8 Space Out of Place
25%
5 Fire Overture
25%
10 Universe Pabrik
25%
6 Ice Polhedral
25%
8 Death Predator
25%
9 NCS I Quebrantar
25%
4 Bonus Rising
25%
7 Time Rose
25%
10 Universe Ruta Del Sol
25%
6 Crystal Sanctuary of Light
25%
6 Chaos Scarlet Surge
25%
6 Magic Schade
25%
8 Split Seasonal Haven
25%
6 Strange Sha
25%
4 Portal Shards of Siberia
25%
10 Doom Shrill Hallway
25%
6 Poison Shrimp
25%
8 Death Shuriken
25%
10 Split Sinless Ash
25%
10 NCS II Slasher
25%
8 Cosmos Spacetime Continuum
25%
3 Shadow Spooky Light
25%
5 Halloween Spoopy
25%
10 Water Submerged
25%
10 Inferno Tabasco
25%
8 Cosmos The Beyond
25%
10 NCS I The Incenerator
25%
6 Strange The Poolrooms
25%
3 Mystery Under
25%
8 Strange Underworld
25%
4 Spike Victim
25%
10 NCS II Wannacry
25%
5 Portal WhyMeWhyMeWhyMeWhyMe
25%
8 Split Wild Card
25%
10 Galaxy Xin Chao
25%
6 Cyborg 3Nine
0%
5 Mystery 3rd 3y3
0%
10 Universe Asadal
0%
4 Portal Azimuth
0%
10 Universe Bismarck
0%
3 Halloween Boo
0%
7 Strange B SPR9S0
0%
10 Doom Buried Angel
0%
9 Inferno Burn
0%
10 Galaxy Capcut Mundi
0%
6 Ice Carnation
0%
7 Mystery Control
0%
7 Lava Danger Zone
0%
5 Christmas Deluxe
0%
8 Power Digital Glitch
0%
3 Fantasy Dreamy
0%
5 Mystery Empty Space
0%
8 Force Expansion
0%
10 Doom Extinction
0%
10 Haunted Fall Apart
0%
5 Shadow Fear Zone
0%
9 Cosmos Final Orbit
0%
7 Lava Fire Aura
0%
4 Christmas Flight II
0%
9 World Frostburnn Peak
0%
7 Cyborg GetHappler
0%
5 Shadow GhostTown
0%
10 Haunted Great Asset
0%
5 Poison Ground Zero
0%
5 Discord Growing Insane
0%
7 Time Half Paste Twelve
0%
10 Cursed Im Dead
0%
4 Fantasy In Deepestiner
0%
5 Shadow Infusion
0%
10 Inferno In Silico
0%
10 Cursed Last Aybss
0%
7 Christmas Les Go 2
0%
8 Forest Lost in The Woods
0%
3 Fantasy Magic Valley
0%
10 Force Metal Magic
0%
7 Cyborg Mission 01
0%
10 Force Motion
0%
10 Water Ocean Rush
0%
6 Strange Odd
0%
7 Magic Odyssey
0%
3 Shadow Ominous
0%
6 Bonus Payload
0%
6 Power Perpetual Motion
0%
10 Forest Petal Patch
0%
9 World Planet X
0%
6 Spike Powerful
0%
6 Crystal Prismarine
0%
8 Force Propane Nighmares
0%
5 Spike Pureland
0%
7 Cyborg Quantum Future
0%
6 Discord Radiant Glen
0%
7 Halloween Retention Remaster
0%
4 Power Rush
0%
7 Mystery Self Reflect
0%
5 Time Silence
0%
10 Castle Sky Tower
0%
5 Ice Skyward
0%
4 Discord Snow Flies In The Fog
0%
10 Water Soar
0%
5 Space Stardust Sanctuary
0%
10 Castle Still Life
0%
8 Power Style Wave
0%
7 Split Subdivision Zone
0%
5 Spike Tenebris
0%
9 Haunted The Diablo
0%
5 Time Timeless
0%
10 Demon Traction
0%
7 Christmas Trainwreck
0%
10 Water Trek
0%
7 Halloween Tricky Treats
0%
6 Portal Tsuretette
0%
9 Forest Twenty Four
0%
5 Fantasy United
0%
9 Power Unnamed H
0%
10 Force Uprising
0%
9 Haunted Vessel
0%
10 Demon Vibration
0%
5 Fantasy Voyage
0%
6 Christmas Winter Works
0%
No matching quizzes found
Score Distribution
Percent of People with Each Score
Percentile by Number Answered
Your Score History
You have not taken this quiz since the last reset